| Tag |
First Indicator |
Second Indicator |
Subfields |
| LEADER |
00000cam a2200000 a 4500 |
| 001 |
in00002725021 |
| 005 |
20151202143704.0 |
| 008 |
071122s2008 enkabcf b 001 0 eng |
| 010 |
|
|
|a 2008383380
|
| 020 |
|
|
|a 9781844860593 (hbk.)
|
| 020 |
|
|
|a 1844860590 (hbk.)
|
| 035 |
|
|
|a (OCoLC)ocn182664062
|
| 040 |
|
|
|a UKM
|c UKM
|d BWK
|d TJC
|d YDX
|d UtOrBLW
|
| 043 |
|
|
|a e-it---
|
| 049 |
|
|
|a TXAM
|
| 050 |
|
4 |
|a D763.I8
|b G645 2008
|
| 082 |
0 |
|
|a 940.54215
|2 22
|
| 100 |
1 |
|
|a Gooderson, Ian.
|
| 245 |
1 |
2 |
|a A hard way to make a war :
|b the Italian campaign in the Second World War /
|c Ian Gooderson.
|
| 264 |
|
1 |
|a London :
|b Conway,
|c 2008.
|
| 300 |
|
|
|a 352 pages, 24 unnumbered pages of plates :
|b illustrations, maps, portraits ;
|c 25 cm.
|
| 336 |
|
|
|a text
|b txt
|2 rdacontent
|
| 337 |
|
|
|a unmediated
|b n
|2 rdamedia
|
| 338 |
|
|
|a volume
|b nc
|2 rdacarrier
|
| 500 |
|
|
|a Illustrations on lining papers.
|
| 504 |
|
|
|a Includes bibliographical references and index.
|
| 650 |
|
0 |
|a World War, 1939-1945
|x Campaigns
|z Italy.
|
| 945 |
|
|
|a PromptCat
|b 620309
|
| 946 |
|
|
|a stk
|
| 947 |
|
|
|a A14840546564
|
| 948 |
|
|
|a cataloged
|b h
|c 2011/10/20
|d c
|e dmitchel
|f 12:12:12 pm
|
| 994 |
|
|
|a 92
|b TXA
|
| 999 |
|
|
|a MARS
|
| 999 |
f |
f |
|s 9d502faf-9bde-353d-8758-0fdfbdef4f06
|i 43e73e83-479a-3872-87f2-ce04b9d34e00
|t 0
|
| 952 |
f |
f |
|p normal
|a Texas A&M University
|b College Station
|c Sterling C. Evans Library
|d Evans: Library Stacks
|t 0
|e D763.I8 G645 2008
|h Library of Congress classification
|i unmediated -- volume
|m A14840546564
|
| 998 |
f |
f |
|a D763.I8 G645 2008
|t 0
|l Evans: Library Stacks
|